00926nam a2200217 a 450000100100000000500170001000800410002704000250006808200150009324501320010826001240024030000200036450000300038450400290041470000420044370000370048570000470052204900090056995201130057899900170069100002990020200930055907.0110426s1988 dr 000 0 spa d aDO-SdBNPbspacBNPHU axxxbD441n01aDesastres naturales :bbibliografía /ccompilada por Ana Marina Méndez G., Gladys Medrano M., Martha Fonfrías de Miranda. aSanto Domingo :bCorporación Dominicana de Electricidad :bGerencia de Informatica; Centro de Documentación,c1988. a30 p. ;c28 cm. aIncluye índice de autor aBibliografía : p. 4-211 aMéndez G., Ana Marinaecomp.9566381 aMedrano M., Gladysecomp.9566391 aFonfrías de Miranda, Marthaecom.956640 aBNPD 0010718PDaPDbPDcCTd2011-04-26iLF1l0oxxx D441np29900-10r2020-06-25w2020-06-25yLFPDZNo se presta c29392d29392